000
00299nam a2200109Ia 4500
008
230302s9999 xx 000 0 und d
082
_a
808.543GLA
100
_a
Gladwell (Malcolm)
245
_a
Blink The Power Of Thinking Without The Thinking
260
_a
London
_b
penguin books
365
_c
RS
999
_c
153868
_d
153868